[Event "Rheinland Pfalz op 4th"]
[Site "Altenkirchen"]
[Date "2012.06.09"]
[Round "6"]
[White "Jordan, Gunter"]
[Black "Humburg, Eduard"]
[Result "0-1"]
[WhiteElo "1761"]
[BlackElo "1429"]
[PlyCount "47"]
[EventDate "2012.06.07"]
[EventType "swiss"]
[EventRounds "7"]
[EventCountry "GER"]
[SourceTitle "CBM 148 Extra"]
[Source "ChessBase"]
[SourceDate "2012.06.22"]
[SourceVersion "1"]
[SourceVersionDate "2012.06.22"]
[SourceQuality "1"]

1. c4 c5 2. Nc3 Nc6 3. g3 Nf6 4. Bg2 e6 5. Nf3 Be7 6. 0-0 0-0 7. d3 d5 8. cxd5 exd5 9. e3 d4 10. exd4 cxd4 11. Ne2 Bc5 12. a3 Bg4 13. b4 Bb6 14. h3 Bxf3 15. Bxf3 Qd7 16. Bg2 Rfe8 17. Ra2 Nd5 18. Bxd5 Qxd5 19. Rc2 Rac8 20. Nf4 Qf5 21. Re2 Ne5 22. Rfe1 Bc7 23. g4 Qd7 24. Bb2 0-1